Statistiken für Straßenbahnhaltestellen Heidelberg

Klicken Sie hier um das Quiz zu spielen!

Allgemein

  • Dieses Quiz wurde 21 mal gespielt
  • Das Durchschnittsergebnis liegt bei 36 aus 68

Antwortstatistiken

Linie(n)Haltestelle% Korrekt
5,22,23,26Bismarckplatz
88%
5,24Hauptbahnhof
88%
24,26Betriebshof
81%
5,24,26Hans-Thoma-Platz
81%
5,24Stadtwerke
75%
22,26Hauptbahnhof Süd
69%
24Jahnstraße
69%
5,22,23Stadtbücherei
69%
23,24Bergfriedhof
63%
22Montpellierbrücke
63%
23,24Rohrbach Markt
63%
23,24S-Bahnhof Weststadt/Südstadt
63%
5,22,23Seegarten
63%
24Technologiepark
63%
23,24Bethanien-Krankenhaus
56%
5,26Blumenthalstraße
56%
5,26Brückenstraße
56%
24Bunsengymnasium
56%
26Czernybrücke
56%
5(,24)Dossenheim
56%
24Heiligenbergschule
56%
26Kirchheim Rathaus
56%
5,26Kußmaulstraße
56%
23Leimen Friedhof
56%
5Ochsenkopf
56%
23,24Rohrbach Süd
56%
23,24Römerkreis Süd
56%
26Volkshochschule
56%
5Wieblingen Mitte
56%
5,24,26Biethsstraße
50%
26Campus bergheim
50%
23,24Christuskirche
50%
23,24Eichendorffplatz
50%
23,24Freiburger Straße
50%
23Georgi-Marktplatz
50%
26Ilse-Krall-straße
50%
5,26Kapellenweg
50%
23Kurpfalz-Centrum
50%
23,24Markscheide
50%
26Messplatz
50%
23,24Ortenauer Straße
50%
23,24Rheinstraße
50%
26Rudolf-Diesel-Straße
50%
5SRH Campus
50%
5Wieblingen Taubenfeld
50%
23Zementwerk
50%
26Albert-Fritz-Straße
44%
26Altes Hallenbad
44%
5Berufsschule
44%
5(,24)Dossenheim Nord
44%
5(,24)Dossenheim Süd
44%
22Eppelheimer Terrasse
44%
22Eppelheim Rathaus
44%
22,26Gadamerplatz
44%
5Gneisenaustraße Süd
44%
22Henkel-Teroson-straße
44%
23Johannes-Reidel-Straße
44%
26Kirchheim Friedhof
44%
23Moltkestraße
44%
26Odenwaldstraße
44%
22Ringstraße
44%
5(,24)Schriesheim Bahnhof
44%
5(,24)Schriesheim Süd
44%
5,24,26Handschuhsheim Burgstraße
38%
22Jakobsgasse
38%
22Kirchheimer Straße
38%
22Kranichweg/Stotz
38%
22Marktstraße
38%

Verteilung der Resultate

Perzentil nach korrekt beantworteten Fragen

Anzahl Personen mit jedem Resultat

Ihre Resultats-Entwicklung

Sie haben dieses Quiz noch nicht gespielt